Logo CIB grande

MANUALES PARA EDUCACION AGROPECUARIA: PORCINOS V. 5 (Registro nro. 221783)

Detalles MARC
000 -LEADER
campo de control de longitud fija 00956nam a2200265Ia 4500
005 - FECHA Y HORA DE LA ÚLTIMA TRANSACCIÓN
campo de control 20250425162054.0
008 - DATOS DE LONGITUD FIJA--INFORMACIÓN GENERAL
campo de control de longitud fija 250425s9999 xx 000 0 und d
020 ## - NÚMERO INTERNACIONAL ESTÁNDAR DEL LIBRO
Número Internacional Estándar del Libro 9682432227
041 ## - CÓDIGO DE IDIOMA
Código de lengua del texto/banda sonora o título independiente spa
082 ## - NÚMERO DE LA CLASIFICACIÓN DECIMAL DEWEY
Número de clasificación 631
010 ## - NÚMERO DE CONTROL DE LA BIBLIOTECA DEL CONGRESO
Número de control de LC 47362
100 ## - ENTRADA PRINCIPAL--NOMBRE DE PERSONA
Nombre de persona KOESLAG, JOHAN H
245 #0 - MENCIÓN DEL TÍTULO
Título MANUALES PARA EDUCACION AGROPECUARIA: PORCINOS V. 5
250 ## - MENCION DE EDICION
Mención de edición 1A ED.
260 ## - PUBLICACIÓN, DISTRIBUCIÓN, ETC.
Lugar de publicación, distribución, etc. Estados Unidos
Nombre del editor, distribuidor, etc. TRILLAS
Fecha de publicación, distribución, etc. 1989
260 ## - PUBLICACIÓN, DISTRIBUCIÓN, ETC.
Lugar de publicación, distribución, etc. S.L.
300 ## - DESCRIPCIÓN FÍSICA
Extensión 110
500 ## - NOTA GENERAL
Nota general EN CIBGZ-FIMCP D-30238 V.5 PARA ING. AGROP.
520 ## - RESUMEN, ETC.
Sumario, etc. LOS CERDOS DOMESTICOS MODERNOS SE ORIGINARON DEL CRUCE DEL CERDO DE EUROPA Y DEL CERDO DEL SURESTE DE ASIA.ESTOS ANIMALES FUERON DOMESTICADOS HACE UNOS 6000 AÑOS.LOS CERDOS PUDEN PROVEER PROTEINAS EN FORMA TAN EFICIENTE COMO OTROS ANIMALES. SI ESTOS
650 ## - PUNTO DE ACCESO ADICIONAL DE MATERIA--TÉRMINO DE MATERIA
Término de materia o nombre geográfico como elemento de entrada GANADO PORCINO
650 ## - PUNTO DE ACCESO ADICIONAL DE MATERIA--TÉRMINO DE MATERIA
Término de materia o nombre geográfico como elemento de entrada GANADO, CRIA DE
650 ## - PUNTO DE ACCESO ADICIONAL DE MATERIA--TÉRMINO DE MATERIA
Término de materia o nombre geográfico como elemento de entrada PRODUCCION PECUARIA
710 ## - ENTRADA AGREGADA--NOMBRE DE ENTIDAD CORPORATIVA
Nombre de entidad corporativa o nombre de jurisdicción como elemento de entrada DIRECCION GENERAL DE EDUCACION TECNOLOGICA AGROPECUARIA
942 ## - ELEMENTOS DE ENTRADA SECUNDARIOS (KOHA)
Tipo de ítem Koha Libros
Existencias
Estatus retirado Estado de pérdida Estado de daño No para préstamo Biblioteca de origen Biblioteca actual Fecha de adquisición Coste, precio normal de compra Total de préstamos Código de barras Copia número
        FACULTAD DE INGENIERIA MECANICA Y CIENCIAS DE LA PRODUCCION FACULTAD DE INGENIERIA MECANICA Y CIENCIAS DE LA PRODUCCION 13/01/2004 9.00   D-30238 1

Copyright 2025 ESPOL. Todos los derechos reservados.